Referenční příručka FoxPro, dBase, Clipper /
| Hlavní autor: | Pokorný, Jan |
|---|---|
| Jazyk: | Čeština |
| Vydáno: |
Praha : Plus Publishing, 1993 |
| Fyzický popis: |
2, 395 s. |
|
| LEADER | 00586nam a22001812a 4500 | ||
|---|---|---|---|
| 001 | 000152602 | ||
| 003 | CZ BrMZK | ||
| 005 | 20020724080209.0 | ||
| 008 | 010907s1993 xr f cze d | ||
| 040 | |a BOA001 |b cze | ||
| 080 | |a 681.3.06 dBase Clipper |2 MRF | ||
| 100 | 1 | |a Pokorný, Jan |7 jx20040216030 | |
| 245 | 1 | 0 | |a Referenční příručka FoxPro, dBase, Clipper / |c Jan Pokorný |
| 260 | |a Praha : |b Plus Publishing, |c 1993 | ||
| 300 | |a 2, 395 s. | ||
| 910 | |a BOA001 |b TK-0252.155 | ||
| 990 | |a BK | ||
| 996 | 7 | |b 2629985928 |c TK-0252.155 |l MZK |r Sklad / do 24 hodin |n 0 |w 000152602 |u 000010 |a 1 |e BOA001 |j MZK50 |s A | |
English
Čeština 